000 00304nam a2200133Ia 4500
008 220204s9999 xx 000 0 und d
082 _a336.21
_bVAI
100 _aPANANDIKER, S
245 0 _aDirect taxes
260 _aDelhi
_bVikas
_c1978
650 _aTax reform
700 _aVAISH, O P
942 _cBK
999 _c29502
_d29502